Statistiken für Welche Sprache spreche ich?

Klicken Sie hier um das Quiz zu spielen!

Allgemein

  • Dieses Quiz wurde 325 mal gespielt
  • Das Durchschnittsergebnis liegt bei 6 aus 15

Antwortstatistiken

SatzSprache% Korrekt
que idioma habloSpanisch
92%
quelle langue je parle?Französisch
91%
welke taal spreek ik?Holländisch
87%
τι γλώσσα μιλάωGriechisch
70%
mitä kieltä puhun?Finnisch
62%
באיזו שפה אני מדברHebräisch
42%
jakým jazykem mluvím?Tschechisch
36%
watter taal praat ek?Afrikaans
27%
cfare gjuhe po flasAlbanisch
21%
en quin idioma parlo?Katalanisch
19%
cén teanga atá á labhairt agam?Irisch
18%
kiun lingvon mi parolas?Esperanto
11%
anong wika ang sinasalita ko?Philippinisch
8%
bahasa apa yang saya bercakap?Malaiisch
6%
ငါဘာဘာသာစကားပြောနေတာလဲ။Burmesisch
4%

Verteilung der Resultate

Perzentil nach korrekt beantworteten Fragen

Anzahl Personen mit jedem Resultat

Ihre Resultats-Entwicklung

Sie haben dieses Quiz noch nicht gespielt